000 00427nam a22001817a 4500
999 _c7584
_d7584
003 GBCCL
005 20241126110631.0
008 180828b ||||| |||| 00| 0 eng d
020 _a0883681641
040 _cGBC
082 _a220.07
_bTOR
100 _aTorrey, R.A.
_99481
245 _aHow to study the Bible
260 _bWhitaker,
_aUSA:
_c1985.
300 _a95p. ;
650 _aBible
_vstudy
_92583
942 _2ddc
_cBK
_02